Gaya-gaya kepimpinan dalam pendidikan (Record no. 97772)

MARC details
000 -LEADER
fixed length control field 00730nam a2200253 i 4500
001 - CONTROL NUMBER
control field C2-0292943
003 - CONTROL NUMBER IDENTIFIER
control field PPAK
005 - DATE AND TIME OF LATEST TRANSACTION
control field 20180728024921.0
008 - FIXED-LENGTH DATA ELEMENTS--GENERAL INFORMATION
fixed length control field 090113s2008 my a|||| ||||| | may d
020 ## - INTERNATIONAL STANDARD BOOK NUMBER
International Standard Book Number 9789833586233
040 ## - CATALOGING SOURCE
Original cataloging agency PPAK
Language of cataloging eng
Transcribing agency PPAK
Description conventions rda
082 04 - DEWEY DECIMAL CLASSIFICATION NUMBER
Classification number 658.4092
Edition number 23
090 00 - LOCALLY ASSIGNED LC-TYPE CALL NUMBER (OCLC); LOCAL CALL NUMBER (RLIN)
Classification number (OCLC) (R) ; Classification number, CALL (RLIN) (NR) 658.4092
Feature heading ABD
Feature heading G
Classification number (OCLC) (R) ; Classification number, CALL (RLIN) (NR) 658.4092
Feature heading ABD
Feature heading R
100 0# - MAIN ENTRY--PERSONAL NAME
Personal name Abdul Ghani Abdullah,
Relator term author
245 10 - TITLE STATEMENT
Title Gaya-gaya kepimpinan dalam pendidikan
264 #1 - PRODUCTION, PUBLICATION, DISTRIBUTION, MANUFACTURE, AND COPYRIGHT NOTICE
Place of production, publication, distribution, manufacture Kuala Lumpur :
Name of producer, publisher, distributor, manufacturer PTS Professional Publishing ,
Date of production, publication, distribution, manufacture, or copyright notice 2008
300 ## - PHYSICAL DESCRIPTION
Extent 253 pages :
Other physical details illustrations ;
Dimensions 22 cm
336 ## - CONTENT TYPE
Source rdacontent
Content type term text
337 ## - MEDIA TYPE
Source rdamedia
Media type term unmediated
338 ## - CARRIER TYPE
Source rdacarrier
Carrier type term volume
650 10 - SUBJECT ADDED ENTRY--TOPICAL TERM
Topical term or geographic name entry element Educational leadership
942 ## - ADDED ENTRY ELEMENTS (KOHA)
-- dc
Koha item type Book
Holdings
Withdrawn Not for loan Current library Shelving location Date acquired Full call number Barcode Date last seen Koha item type Total Checkouts Date last checked out
    Perpustakaan Alor Setar Pinjaman Dewasa 16/02/2009 658.4092 ABD A01273231 21/07/2018 Book 1 04/07/2018
  Not For Loan Perpustakaan Alor Setar Rujukan Dewasa 08/11/2009 R 658.4092 ABD A01334547 09/05/2018 Book    
    Perpustakaan Baling Pinjaman Dewasa 16/02/2009 658.4092 ABD A01273238 09/05/2018 Book    
    Perpustakaan Bandar Baharu Pinjaman Dewasa 16/02/2009 658.4092 ABD A01273239 09/05/2018 Book    
    Perpustakaan Kuala Nerang Pinjaman Dewasa 16/02/2009 658.4092 ABD A01273240 09/05/2018 Book    
    Perpustakaan Kulim Pinjaman Dewasa 16/02/2009 658.4092 ABD A01273235 17/07/2022 Book 4 17/07/2022
    Perpustakaan Langkawi Pinjaman Dewasa 16/02/2009 658.4092 ABD A01273234 09/05/2018 Book    
    Perpustakaan Merbok Pinjaman Dewasa 02/02/2009 658.4092 ABD A01271262 09/05/2018 Book    
    Perpustakaan Pendang Pinjaman Dewasa 16/02/2009 658.4092 ABD A01273242 09/05/2018 Book    
    Perpustakaan Sik Pinjaman Dewasa 16/02/2009 658.4092 ABD A01273237 09/05/2018 Book    
    Perpustakaan Yan Pinjaman Dewasa 16/02/2009 658.4092 ABD A01273236 09/05/2018 Book    
    T-PD26, Kg. Lubuk Batu, Jitra Pinjaman Dewasa 16/02/2009 658.4092 ABD A01273241 09/05/2018 Book